000 00733nas a2200265 a 4500
005 20221210113616.0
008 221018c ii fx|p| |||| 00| 0 eng d
040 _aNLI
_beng
_cPeriodical Division
044 _aii
082 0 4 _223rd ed.
100 1 _6880-01
245 1 0 _6880-02
_aVegetos
260 _aBareilly :
_bDepartment of Botany, Bareilly College,
_c1988-
300 _a-v.
310 _aBi-annual
362 _av.1 no.1 (1988)-
500 _aDepartment of Botany, Bareilly College, Bareilly - 243 005
650 0 _aFood and Nutrition
_91435920
700 1 _6880-03
710 _aBareilly College.
_bDepartment of Botany
_91435921
880 1 _6100-01
887 _aTanima
942 _cSER
999 _c1558043
_d1558043